|
|
|
|
| LEADER |
00982nam a2200217 a 4500 |
| 008 |
090816s1994 enkab 000 0 eng d |
| 020 |
|
|
|a 0521376912 (pbk) :
|c £6.50
|
| 020 |
|
|
|a 0521016770
|
| 020 |
|
|
|a 0521376912 (pbk) :
|c £6.50
|
| 040 |
|
|
|a Uk
|c Uk
|
| 082 |
0 |
0 |
|a 428.2/4/02465
|2 20
|
| 100 |
1 |
|
|a Crews, Frederick C.
|
| 245 |
1 |
0 |
|a Speaking effectively :
|b developing speaking skills for business English /
|c Jeremy Comfort ... [et al.].
|
| 260 |
|
|
|a Cambridge :
|b Cambridge University Press,
|c 1994.
|
| 300 |
|
|
|a viii, 127 p. :
|b ill. ;
|c 24 cm.
|
| 541 |
1 |
|
|e 00013627
|
| 650 |
|
0 |
|a English language
|x Rhetoric
|x Handbooks, manuals, etc.
|
| 650 |
|
0 |
|a English language
|x Grammar
|x Handbooks, manuals, etc.
|
| 852 |
4 |
|
|a Ayesha Abed Library
|j General shelf
|
| 999 |
|
|
|c 3648
|d 3648
|
| 952 |
|
|
|0 0
|1 0
|2 ddc
|4 0
|6 428_240246500000000_COM
|7 0
|9 3311
|a BRACUL
|b BRACUL
|c GEN
|d 2009-09-03
|g 0.00
|l 9
|m 25
|o 428.2402465 COM
|p 3010013627
|r 2019-12-03
|s 2019-11-06
|t 1
|w 2009-09-03
|y BK
|x No price found in the accession register.
|